000 00169 a2200097 4500
001 30756
100 _a
245 _a
260 _a
_bPurnell
_c
090 _c20688
_d20688
942 _aNUST-CAE
_c
_c11878
999 _c265829
_d265829